[Event "Mittelrhein Verbandsliga-W 1112"]
[Site "Germany"]
[Date "2012.02.05"]
[Round "6.3"]
[White "Matern, Gerhard"]
[Black "Rache, Ralf"]
[Result "0-1"]
[WhiteElo "1958"]
[BlackElo "1955"]
[PlyCount "104"]
[EventDate "2011.09.18"]
[EventType "team-tourn"]
[EventRounds "11"]
[EventCountry "GER"]
[SourceTitle "EXT 2013"]
[Source "ChessBase"]
[SourceDate "2012.11.22"]
[SourceVersion "1"]
[SourceVersionDate "2012.11.22"]
[SourceQuality "1"]
[WhiteTeam "Brauweiler Rochade"]
[BlackTeam "Aachen II"]
[WhiteTeamCountry "GER"]
[BlackTeamCountry "GER"]

1. e4 c5 2. Nc3 Nc6 3. Bb5 g6 4. Bxc6 dxc6 5. d3 Bg7 6. Nge2 Nf6 7. Be3 b6 8. h3 0-0 9. Qd2 e5 10. 0-0 Nh5 11. Bg5 f6 12. Bh6 f5 13. Bxg7 Kxg7 14. f4 Nxf4 15. Nxf4 exf4 16. Qxf4 Qd4+ 17. Kh2 Bd7 18. Rae1 fxe4 19. Qxe4 Rae8 20. Qxd4+ cxd4 21. Ne4 h6 22. Nd6 Rxe1 23. Rxe1 Kf6 24. g4 c5 25. Kg3 Be6 26. Rf1+ Ke7 27. Rxf8 Kxf8 28. b3 Ke7 29. Ne4 Bd5 30. Kf4 Ke6 31. h4 Bc6 32. g5 h5 33. Nd2 Bd5 34. a3 Bc6 35. Nc4 Be8 36. a4 Bc6 37. Ne5 Be8 38. Ke4 Kd6 39. a5 Ke6 40. axb6 axb6 41. b4 Kd6 42. Nc4+ Ke6 43. Ne5 Kd6 44. b5 Ke6 45. Nc4 Bxb5 46. Nxb6 Bc6+ 47. Kf4 Bb5 48. Na8 Ba4 49. Nc7+ Kd6 50. Na6 Bxc2 51. Ke4 Ba4 52. Nb8 Bb5 0-1

[Event "Cologne Ford op"]
[Site "Cologne"]
[Date "2009.05.04"]
[Round "2"]
[White "Winckler, Andreas"]
[Black "Matern, Gerhard"]
[Result "0-1"]
[WhiteElo "1705"]
[BlackElo "1925"]
[PlyCount "69"]
[EventDate "2009.04.27"]
[EventType "swiss"]
[EventRounds "7"]
[EventCountry "GER"]
[SourceTitle "EXT 2011"]
[Source "ChessBase"]
[SourceDate "2010.11.26"]
[SourceVersion "1"]
[SourceVersionDate "2010.11.26"]
[SourceQuality "1"]

1. b4 d6 2. Bb2 e5 3. c4 Nf6 4. e3 g6 5. Nc3 Bg7 6. Be2 c6 7. d3 a5 8. b5 Nbd7 9. Nf3 0-0 10. Qc2 Re8 11. 0-0 Nc5 12. Rfd1 Qe7 13. a4 Bf5 14. Re1 Rad8 15. e4 Bc8 16. Rad1 Ne6 17. Nb1 c5 18. Nc3 b6 19. Nd5 Nxd5 20. cxd5 Nf4 21. Bc1 f5 22. Bf1 fxe4 23. dxe4 Rf8 24. Re3 Bg4 25. Rde1 Rf7 26. Nd2 Rdf8 27. Nc4 Qd8 28. h3 Bc8 29. g4 h5 30. Rg3 hxg4 31. hxg4 Bh6 32. Bxf4 Bxf4 33. Rg2 Rh7 34. f3 Qh4 35. Rh2 0-1